000 00271 a2200109 4500
001 155258
040 _cEscola São Tomás de Aquino
240 1 0 _aConhecimentos atuais astronomia
_lpor
245 1 0 _aConhecimentos atuais astronomia
697 _aGENERALIDADES
942 _cBK
999 _c155258
_d155258